El fantasma sin rostro : (Record no. 199029)

MARC details
000 -CABECERA
campo de control de longitud fija 00855nam a2200241 u 4500
005 - FECHA Y HORA DE LA ÚLTIMA TRANSACCIÓN
campo de control 20240910063830.0
008 - ELEMENTOS DE LONGITUD FIJA--INFORMACIÓN GENERAL
campo de control de longitud fija 181001s2016 es r 000 0 spa d
020 ## - NÚMERO INTERNACIONAL NORMALIZADO PARA LIBROS
Número Internacional Estándar del Libro 9788494464966
035 ## - NÚMERO DE CONTROL DEL SISTEMA
Número de control de sistema UPN01000226933
049 ## - COLECCIÓN
Colección CG
050 #4 - SIGNATURA TOPOGRÁFICA DE LA BIBLIOTECA DEL CONGRESO
Número de clasificación PS1916
Número de documento/Ítem Q2.3
100 1# - ASIENTO PRINCIPAL--NOMBRE PERSONAL
Nombre de persona Hearn, Lafcadio,
Fechas asociadas al nombre 1850-1904
9 (RLIN) 37642
245 13 - MENCIÓN DE TÍTULO
Título El fantasma sin rostro :
Resto del título y otras historias de terror /
Mención de responsabilidad, etc. Lafcadio Hearn ; [comp.] Sean Michael Wilson ; il. Michiru Morikawa ; tr. Juan Jiménez Ruiz de Salazar.
260 ## - PUBLICACIÓN, DISTRIBUCIÓN, ETC.
Lugar de publicación, distribución, etc. Madrid :
Nombre del editor, distribuidor, etc. Quaterni,
Fecha de publicación, distribución, etc. 2016.
300 ## - DESCRIPCIÓN FÍSICA
Extensión 134 p. :
Otras características físicas il.
440 #0 - MENCIÓN DE SERIE/ASIENTO SECUNDARIO--TÍTULO
Título Manga bunko
534 ## - NOTA SOBRE LA VERSIÓN ORIGINAL
Frase introductoria Título original:
Mención de título del original The faceless ghost and orther macabre tales from Japan
650 #4 - ASIENTO SECUNDARIO DE MATERIA - TERMINO TEMATICO
Término de materia o nombre geográfico como elemento de entrada Cuentos de terror
9 (RLIN) 2404
650 #4 - ASIENTO SECUNDARIO DE MATERIA - TERMINO TEMATICO
Término de materia o nombre geográfico como elemento de entrada LITERATURA JAPONESA
9 (RLIN) 10009
700 1# - ASIENTO SECUNDARIO--NOMBRE DE PERSONAL
Nombre de persona Wilson, Sean Michael,
Fechas asociadas al nombre 1969-
Término indicativo de función/relación comp.
9 (RLIN) 42172
905 ## - TIPO DE MATERIAL
Tipo de material Libro
Holdings
Estado de retiro Estado de pérdida Fuente del sistema de clasificación o colocación Estado dañado No para préstamo Código de colección Localización permanente Ubicación/localización actual Ubicación en estantería Fecha de adquisición Total de préstamos Clasificación Código de barras Fecha visto por última vez Fecha del último préstamo Número de copia Tipo de ítem Koha
    Library of Congress Classification     Colección General Bib. Gregorio Torres Quintero Bib. Gregorio Torres Quintero Planta baja 19/10/2023 4 PS1916 Q2.3 326846 04/03/2025 17/02/2025 1 Libro